00872nam a22002417a 450000500170000001000110001702000100002803500110003803700160004904000120006508200160007710000510009324501770014426000350032130000210035650000190037765000210039665000210041770000270043894200250046599900190049095201210050920170124110247.0 a347782 c00.00 a347782 bCen Lib/Ret aDPLbEN a230.23bBHA aBhattacharya, Shiva Chandra Vidyarnava 997907 aPrinciples of tantra :bThe Tantratattva of Sriyukta Siva Candra Vidyârnava Bhattâcârya mahodaya. /cby Shiva Chandra Vidyarnava Bhattacharya; edited by Arthur Avalon aOxford bClarendon Pressc1971 a787p. c23cm(Hb) aIncludes index aTantras. 913041 aShaktism.911713 aAvalon, Arthur 997908 2ddccENh230.23mBHA c135641d135641 00104070aLbLd2015-10-07eCen Lib/Retg0.00l0o230.23 BHAp347782r2015-10-07 00:00:00t1v0.00w2015-10-07yEN